Construir desde lo metropolitano : economías y estrategias de desarrollo en México /

Gespeichert in:
Bibliographische Detailangaben
1. Verfasser: Trejo Nieto, Alejandra (autor)
Format: Buch
Sprache:Spanisch
Veröffentlicht: México : El Colegio de México, Centro de Estudios Demográficos, Urbanos y Ambientales, 2024, c2024
Schlagworte:
Tags: Tag hinzufügen
Keine Tags, Fügen Sie das erste Tag hinzu!

MARC

LEADER 00000nam^a2200000^a^4500
001 000589597
005 20250815000000.0
009 20260310132852.069
020 |a 978-607-564-613-8 
037 |a Acervo ITESO - Biblioteca 
041 |a ESP 
082 |a 330. 97207  |b TRE 
100 |a Trejo Nieto, Alejandra  |e (autor) 
245 1 0 |a Construir desde lo metropolitano :  |b economías y estrategias de desarrollo en México /  |c A. Trejo Nieto. 
264 4 |a México :  |b El Colegio de México, Centro de Estudios Demográficos, Urbanos y Ambientales,  |c 2024, c2024 
300 |a 275 p. 
336 |a texto  |b txt  |2 rdacontenido 
337 |a sin mediación  |b n  |2 rdamedio 
338 |a volumen  |b nc  |2 rdasoporte 
585 |a Exposición DIA 2025-01 / El universo del saber: explorando nuevas ideas 
649 |a XX 
650 |a Población -  |z México -  |x Historia -  |y Siglo XXI 
650 |a Desarrollo Urbano -  |z México -  |x Historia -  |y Siglo XXI -  |x Tema Principal 
650 |a Desarrollo Económico-Social -  |z México -  |x Historia -  |y Siglo XXI -  |x Tema Principal 
650 |a Finanzas Públicas -  |z México -  |x Historia -  |y Siglo XXI 
650 |a Geografía Económica -  |z México -  |x Historia -  |y Siglo XXI 
650 |a Política Fiscal -  |z México -  |x Historia -  |y Siglo XXI 
650 |a Política Económica -  |z México 
650 |a Economía -  |z México -  |x Historia -  |y Siglo XXI 
910 |a Fondo General 
920 |a Impresos - Libros 
930 |a Colección General 
905 |a 101 
901 |a 0500338789  |b IT1  |c ACC  |i C187348  |u 20250521 
902 |a https://opac.biblio.iteso.mx/vufind/Record/000589597